[Event "18th Delhi GM Open 2020"]
[Site "Delhi"]
[Date "2020.01.15"]
[Round "9.12"]
[White "Srihari L R"]
[Black "Visakh N R"]
[Result "0-1"]
[WhiteElo "2302"]
[BlackElo "2518"]
[Annotator "TA"]
[PlyCount "232"]
[EventDate "2020.01.09"]
[EventType "swiss"]
[EventCountry "IND"]
[SourceTitle "playchess.com"]
[Source "ChessBase"]
[SourceQuality "1"]

{[%evp 11,232,0,0,0,10,0,13,-38,18,18,16,11,22,13,18,25,17,18,8,0,30,21,36,0,0,0,0,0,25,33,31,0,0,-42,-23,-82,-67,-82,-68,-158,-173,-175,-166,-164,-53,-54,198,32,230,34,16,6,254,270,254,114,120,118,109,128,115,66,77,66,115,115,115,115,115,115,122,122,175,159,171,171,179,178,195,195,195,195,195,195,276,195,240,195,195,195,195,195,195,195,195,195,195,195,195,179,195,195,195,195,195,179,179,0,195,195,195,179,179,179,179,153,153,153,153,153,179,153,153,153,153,153,151,110,139,139,138,139,138,136,110,110,110,110,110,153,153,111,110,110,111,104,104,104,104,104,93,0,104,97,90,90,70,0,72,0,70,62,74,64,57,54,56,53,53,53,53,49,49,49,49,49,49,49,49,49,49,49,53,53,52,49,54,53,50,47,56,35,45,8,19,0,0,0,0,0,0,0,0,0,0,0,0,0,0,0,-8,-29988,-29989,-29989,-29990,-29990,-29991,-29992,-29991,-29994,-29995,-29995,-29996]} 1. d4 d6 2. c4 e5 3. Nc3 exd4 4. Qxd4 Nc6 5. Qd2 Nf6 6. b3 a5 7. Bb2 {A21: English Opening: 1...e5 2 Nc3} a4 8. Nd5 (8. Rd1 axb3 9. axb3 Be7 10. e4 O-O 11. Bd3 Nd7 12. Nd5 Nc5 13. Qc3 Bf6 14. Nxf6+ Qxf6 15. Qxf6 gxf6 16. Bxf6 {½-½ (43) Inarkiev,E (2693)-Najer,E (2670) Moscow 2018}) 8... Be7 9. g3 (9. Nf3 $11) 9... a3 ({Black should play} 9... Ne5 $15) 10. Bxf6 $11 Bxf6 11. Rd1 O-O 12. Nf3 $146 ({Predecessor:} 12. Bg2 Na5 13. Qc2 g6 14. e4 Bg7 {0-1 (38) Borgo,G (2369)-Solodovnichenko,Y (2586) Padova 2013}) 12... Bb2 13. Bg2 Re8 14. O-O Bg4 15. Rfe1 g6 16. Qf4 Bf5 17. c5 Re4 18. Qh6 Bg7 19. Qc1 Ra5 {[%cal Ba8a5,Ba5c5,Bc5c4,Bc4b4][%mdl 32]} (19... Bb2 $5 {[%cal Rb2c1]} 20. Qh6 Bg7 $11) 20. cxd6 cxd6 21. Qd2 Rc5 22. b4 Rcc4 {[%cal Rc6b4]} 23. b5 (23. Ng5 $11 Re8 24. e4) 23... Nb4 $1 $17 24. Nxb4 $1 Rxb4 25. Qd5 (25. Nh4 $15 Red4 26. Qe3) 25... Bc3 26. Rf1 Rxe2 27. Qxb7 Rxa2 {[#]} (27... Kg7 $1 $19 28. Ne1 Qe7) 28. Ng5 $1 $15 {[%mdl 512]} Qd7 $2 {[%mdl 8192]} (28... Qxg5 $15 {stays ahead.} 29. Bd5 {[%mdl 64] Double Attack} Qf6 30. Bxa2 Kg7) 29. Qb8+ $2 (29. Qa8+ $1 $18 Qc8 30. Qa7 $1 {[%mdl 512]}) 29... Qc8 $2 {[#]} (29... Kg7 $14 30. Rxd6 Qe7 31. Nxf7 (31. Bd5 $2 Rxf2 {[%mdl 64] Deflection} 32. Rxf2 Qe1+ 33. Kg2 Bd4 $19) 31... Be6 32. Rxe6 Qxe6) 30. Qxc8+ $2 (30. Qa7 $1 $18 {[%cal Ra7f7][%mdl 512]} Qd7 31. Qa8+ Qc8 32. Qa7 $1 {[%mdl 512]}) 30... Bxc8 $14 31. Rc1 $1 $40 {[%mdl 128] White is up to no good.} Bf6 $2 (31... Rxb5 $11 {and Black stays safe.} 32. Ne4 {[%mdl 64] Double Attack} (32. Rxc3 Ba6 $11) 32... Bb4 33. Rxc8+ Kg7) 32. Rxc8+ $18 Kg7 {[#]} 33. Ne4 (33. Nxf7 $1 $18 {[%mdl 512] is the precise move to win.} Ra1 (33... Kxf7 34. Bd5+) 34. Rxa1 (34. Nxd6 Rxf1+ 35. Kxf1 a2 $15) 34... Bxa1 35. Nxd6) 33... Be5 $16 34. Ra8 $1 Rxb5 35. Rd1 Rb4 36. h4 ({Much worse is} 36. Nxd6 $6 Bxd6 37. Rxd6 Rb1+ 38. Bf1 Raa1 $11) 36... Bd4 $1 37. Kh2 d5 38. Ng5 $1 Rxf2 39. Rxa3 Rbb2 40. Rxd4 Rxg2+ 41. Kh3 Rg1 (41... h5 $16 {was worth a try.} 42. Nf3 Ra2 43. Rxa2 (43. Rxd5 Rxg3+ 44. Kxg3 Rxa3 $16) 43... Rxa2 44. Rxd5 Ra7) 42. Kg4 ({But not} 42. Rxd5 $2 h5 $19) 42... h5+ {[#]} 43. Kf4 $1 Rb6 44. Kf3 Rf1+ 45. Kg2 Rf5 {intending ...Rb2+.} 46. Rd2 Rb5 47. Ra7 Rb6 (47... Kg8 {is a better defense.} 48. Rc2 Rb6) 48. Rd7 Ra6 49. R7xd5 Rxd5 50. Rxd5 $18 {[%mdl 4096] Endgame KRN-KR} Ra7 51. Kf3 Rb7 52. Rd4 Re7 53. Kf4 Ra7 54. Nf3 Ra6 55. Ne5 Re6 56. Rd7 Rf6+ 57. Ke4 Rf2 58. Rd3 Ra2 59. Rd7 Rf2 $1 60. Kd5 Rf6 61. Rc7 Rf2 62. Rc3 Ra2 63. Rf3 Ra7 64. Kd6 Rb7 65. Nc6 Kf8 66. Ra3 Rb1 67. Kc7 Rc1 68. Rd3 Kg7 69. Kd7 Kf8 70. Ne5 Ra1 71. Rf3 Ra7+ 72. Kd8 Kg7 73. Ke8 Ra8+ 74. Ke7 Ra7+ 75. Nd7 Kg8 76. Rf4 Rc7 77. Kd8 Ra7 78. Rf3 Ra8+ {[#]} 79. Kc7 $1 Ra7+ 80. Kd6 Kg7 81. Ne5 (81. Rd3 $16) 81... Ra6+ (81... Rb7 $1 $11 82. Ra3 Rb6+ 83. Kc5 Rb7) 82. Nc6 Ra1 83. Kd7 Kf8 84. Ne5 Ra7+ $1 85. Kd8 Kg7 86. Nd7 {Hoping for Ke8.} Kg8 87. Nf6+ Kg7 88. Ne8+ Kf8 89. Nc7 Kg7 90. Re3 Ra1 91. Ne8+ Kf8 92. Nd6 {Strongly threatening Kc7.} Ra8+ 93. Nc8 Kg7 94. Kd7 {And now Rf3 would win.} Ra1 95. Re7 Kf8 96. Re4 {Threatens to win with Re8+.} Ra3 97. g4 hxg4 98. Rxg4 Ra1 99. Rf4 Kg7 100. Ke8 f5 101. Nd6 Kf6 102. Rf2 Ke6 {( -> ...Ra8+)} 103. Re2+ (103. Nf7 {with more complications.} Ra8+ 104. Nd8+ Kf6 105. Kd7 Ra4 106. Rd2) 103... Kxd6 $11 {KR-KR} 104. Kf7 Rg1 105. Re6+ Kd5 {...f4 is the strong threat.} 106. Rxg6 Rh1 107. Rg5 Ke4 108. Kg6 f4 109. Rg4 Rh3 {aiming for ...Rg3.} 110. h5 $1 Rg3 111. Rxg3 $4 {[%mdl 8192]} (111. Rg5 $11) 111... fxg3 {KP-KP. Black mates.} 112. h6 g2 113. h7 g1=Q+ 114. Kf7 Qa7+ 115. Kg8 Kf5 116. h8=Q Kg6 0-1

[Event "18th Delhi GM Open 2020"]
[Site "Delhi"]
[Date "2020.01.15"]
[Round "9.13"]
[White "Kaczur, Florian"]
[Black "Saurabh Anand"]
[Result "1-0"]
[WhiteElo "2485"]
[BlackElo "2269"]
[Annotator "TA"]
[PlyCount "75"]
[EventDate "2020.01.09"]
[EventType "swiss"]
[EventCountry "IND"]
[SourceTitle "playchess.com"]
[Source "ChessBase"]
[SourceQuality "1"]

{[%evp 14,79,36,4,26,21,44,42,41,22,55,37,62,56,64,60,65,43,62,46,47,57,54,47,57,60,38,0,0,-14,0,-11,-2,-15,-1,-10,12,12,35,6,39,41,53,45,612,608,632,631,618,445,4810,4702,29981,662,29982,29983,29983,29984,29983,29984,29990,29991,29991,29985,29985,29986,29986,29987]} 1. e4 e5 2. Nf3 Nc6 3. Bb5 a6 4. Ba4 Nf6 5. O-O Be7 6. Re1 b5 7. Bb3 d6 8. a4 Bd7 {C90: Closed Ruy Lopez with 7...d6: Early deviations} 9. c3 Na5 (9... O-O 10. d4 h6 11. Nbd2 exd4 12. cxd4 Nb4 13. e5 Nfd5 14. Ne4 bxa4 15. Bxa4 Bxa4 16. Rxa4 Qd7 17. Ra5 Rab8 18. Bd2 {1-0 (61) Yu,Y (2763)-Vitiugov,N (2732) Khanty-Mansiysk 2019}) 10. Bc2 c5 {White is slightly better.} 11. d4 cxd4 12. cxd4 Nc6 13. axb5 axb5 14. Rxa8 Qxa8 15. Nc3 Qb8 $146 ({Predecessor:} 15... O-O 16. Nd5 Nxd5 17. exd5 {1-0 (49) Zifroni,D (2205)-Shabtai,R (2345) Israel 1990}) 16. dxe5 dxe5 17. Nd5 Bg4 18. Be3 Nxd5 19. exd5 Nb4 20. Bb3 (20. Be4 $14) 20... O-O $11 21. h3 Bh5 22. g4 Bg6 23. Bf4 exf4 24. Rxe7 {[#] aiming for d6.} Qd6 25. Re2 Rd8 26. Qd4 h5 27. Ne5 $36 {[%mdl 2048] White has the initiative.} hxg4 28. hxg4 Re8 $2 {[%mdl 8192]} (28... f3 $14 29. Nxf3 Nd3) 29. Qxf4 $18 Rd8 30. Nxg6 fxg6 31. Qd4 Kh7 (31... Kf8 $142 32. Qc3 Re8) 32. g5 Rf8 33. Qh4+ Kg8 34. Re6 {White mates.} Qf4 35. Qxf4 Rxf4 36. d6 Kh7 37. d7 Rd4 38. Re3 {Played: Re6-e4} 1-0

[Event "18th Delhi GM Open 2020"]
[Site "Delhi"]
[Date "2020.01.15"]
[Round "9.14"]
[White "Das, Sayantan"]
[Black "Amonatov, Farrukh"]
[Result "1/2-1/2"]
[WhiteElo "2424"]
[BlackElo "2631"]
[Annotator "TA"]
[PlyCount "91"]
[EventDate "2020.01.09"]
[EventType "swiss"]
[EventCountry "IND"]
[SourceTitle "playchess.com"]
[Source "ChessBase"]
[SourceQuality "1"]

{[%evp 11,91,11,26,27,37,37,45,42,41,39,43,37,44,41,39,38,40,33,30,38,41,25,17,37,17,17,9,0,0,4,112,120,122,96,97,91,129,91,91,91,94,91,99,68,102,104,116,86,107,70,69,70,71,0,0,0,0,0,0,0,37,0,0,0,0,0,0,0,0,0,0,0,0,0,0,0,0,0,0,0,0,0]} 1. e4 c5 2. Nf3 d6 3. Bb5+ Nd7 4. d4 Ngf6 5. O-O cxd4 6. Qxd4 e5 7. Qd3 {B51: Sicilian: Moscow Variation (3 Bb5+) without 3...Bd7} h6 8. c4 Be7 9. Nc3 {White is slightly better.} O-O 10. Bxd7 Bxd7 11. Be3 a6 12. a4 Rc8 13. a5 Be6 14. b3 Nd7 {[#]} 15. Nd2 $146 ({Predecessor:} 15. Nd5 Qe8 16. Rfd1 Bd8 17. Nd2 Kh7 18. f3 g6 19. Nc3 Be7 20. Nd5 Bd8 {½-½ (20) Rublevsky,S (2662)-Fedorov,A (2684) Smolensk 2000}) 15... Bg5 16. Qxd6 Bxe3 $1 17. fxe3 Qg5 18. Rf3 Rfd8 19. Qa3 (19. Nd5 {with more complications.} Nc5 20. Qb6 Rc6 21. Qa7 Qh4 22. b4) 19... Nc5 20. Nd5 {Rg3 is the strong threat.} Bxd5 (20... Qh4 $1 $11 {remains equal.}) 21. exd5 $16 e4 22. Rg3 Qe5 23. Rf1 f5 24. Qa1 Qxa1 25. Rxa1 Kh7 26. h4 g6 27. Kf1 Rb8 28. Ke2 b6 29. axb6 Rxb6 30. Ra5 Rc8 $1 31. Ra3 Rcb8 32. Kd1 (32. Ke1 $16) 32... Nxb3 $11 33. Nxb3 Rxb3 34. Rxa6 {[%mdl 4096] Endgame KRR-KRR} Rd3+ 35. Kc2 Rc8 36. Ra7+ Kh8 {The position is equal.} 37. Rxg6 Rxc4+ 38. Kb2 Rb4+ 39. Ka2 Rdb3 40. Rxh6+ Kg8 41. Rg6+ Kf8 42. Rf6+ {[%mdl 64] [#] Double Attack} Ke8 43. Rh6 {[%cal Rh6h8]} Rb2+ {[%mdl 64] Double Attack} 44. Ka1 {[%cal Rh6h8]} Rb1+ 45. Ka2 {[%cal Rh6h8]} R1b2+ {[%mdl 64] [#] Double Attack} 46. Ka1 {Accuracy: White = 61%, Black = 75%.} 1/2-1/2

[Event "18th Delhi GM Open 2020"]
[Site "Delhi"]
[Date "2020.01.15"]
[Round "9.15"]
[White "Eraschenkov, Denis"]
[Black "Lalith Babu M R"]
[Result "0-1"]
[WhiteElo "2370"]
[BlackElo "2558"]
[Annotator "TA"]
[PlyCount "40"]
[EventDate "2020.01.09"]
[EventType "swiss"]
[EventCountry "IND"]
[SourceTitle "playchess.com"]
[Source "ChessBase"]
[SourceQuality "1"]

{[%evp 9,83,17,17,17,17,14,9,19,20,9,10,20,14,-18,-20,-33,-22,-43,-32,-41,-35,-83,-85,-78,-87,-75,-79,-73,-63,-173,-185,-175,-170,-198,-169,-195,-196,-181,-177,-69,-194,-179,-170,-198,-170,-169,-168,-169,-169,-169,-168,-162,-164,-506,-381,-484,-489,-480,-466,-466,-439,-439,-439,-439,-439,-439,-335,-626,-443,-1308,-1294,-1485,-1247,-10862,-9194,-29979]} 1. Nf3 Nf6 2. c4 e6 3. g3 d5 4. Bg2 dxc4 5. Qa4+ Bd7 6. Qxc4 {A13: English Opening: 1...e6} c5 7. O-O (7. Ne5 Qc8 8. Qd3 Nc6 9. Nxd7 Nxd7 10. b3 Be7 11. Bb2 O-O 12. Nc3 Rd8 13. Rc1 Nf6 {½-½ (45) Cheparinov,I (2711)-Grandelius,N (2678) Germany 2019}) 7... Bc6 8. Rd1 {The position is equal.} Nbd7 9. b3 Be7 10. Bb2 O-O $146 ({Predecessor:} 10... b5 11. Qc2 Rc8 12. d3 Qb6 13. Nbd2 O-O {½-½ (41) De Jager,J (2417)-Willemze,T (2401) Haarlem 2016}) 11. d4 Rc8 12. Nbd2 b5 13. Qd3 c4 $36 {[%mdl 2048] Black fights for an advantage.} 14. bxc4 bxc4 15. Nxc4 {[#]} Bb5 $1 {[%cal Rb5c4]} 16. Nfe5 Qc7 17. Rac1 {[#]} Nxe5 $1 18. dxe5 Nd5 $1 19. Nd6 ({White should play} 19. Bxd5 $15 exd5 20. Ne3 Qxc1 21. Qxb5) 19... Bxd3 $19 20. Nxc8 Qb8 {Played: Be7-c5} 0-1

[Event "18th Delhi GM Open 2020"]
[Site "Delhi"]
[Date "2020.01.15"]
[Round "9.16"]
[White "Manish Anto Cristiano F"]
[Black "Tukhaev, Adam"]
[Result "0-1"]
[WhiteElo "2280"]
[BlackElo "2548"]
[Annotator "TA"]
[PlyCount "68"]
[EventDate "2020.01.09"]
[EventType "swiss"]
[EventCountry "IND"]
[SourceTitle "playchess.com"]
[Source "ChessBase"]
[SourceQuality "1"]

{[%evp 15,68,33,42,32,38,-9,-7,-14,5,-28,-15,-25,-24,-83,-37,-81,-62,-48,-51,-46,-30,-26,-20,-21,-21,-18,-21,-34,-31,-33,-20,-33,0,0,0,0,0,-66,-65,-93,-76,-76,-81,-813,-812,-812,-812,-812,-812,-812,-812,-799,-790,-29985,-29986]} 1. e4 e5 2. Nf3 Nc6 3. Bb5 g6 4. O-O Bg7 5. c3 a6 6. Ba4 d6 7. d4 Bd7 8. Re1 Nf6 9. Nbd2 {C79: Ruy Lopez: Steinitz-type lines with 3...a6 4 Ba4 Nf6 5 0-0 d6} O-O 10. Nf1 exd4 (10... b5 11. Bb3 Re8 12. Ng3 Na5 13. Bc2 exd4 14. cxd4 Bg4 15. h3 Bxf3 16. Qxf3 Nd7 {0-1 (38) Harikrishna,P (2731)-Nakamura,H (2741) Kolkata 2019}) 11. cxd4 {The position is equal.} b5 12. Bc2 Bg4 13. d5 Ne5 14. N1d2 (14. Bg5 $11) 14... Qc8 $146 ({Predecessor:} 14... Qe7 15. Re3 Nfd7 16. h3 Bxf3 17. Nxf3 {0-1 (28) Picard,R (2099)-Bailet,P (2499) Angers 2016}) 15. Qe2 Re8 16. Qf1 Bxf3 17. Nxf3 Nxf3+ 18. gxf3 c6 19. dxc6 Qxc6 20. Bb3 d5 {[%cal Rd5e4]} 21. e5 Nd7 22. f4 Nc5 $36 {[%mdl 2048] White is under pressure.} 23. Bd1 f6 {[%cal Rf6e5]} 24. Be3 $1 {aiming for Rc1.} fxe5 25. Rc1 d4 26. b4 ({White should try} 26. Bd2 $1 $11 Qb6 27. fxe5) 26... dxe3 $15 27. Rxc5 Qf6 28. fxe5 Qg5+ 29. Qg2 $2 {[%mdl 8192]} (29. Kh1 $17) 29... exf2+ $19 30. Kxf2 Qd2+ {[%mdl 64] Double Attack} 31. Kf1 Rf8+ 32. Bf3 {[#]} Rxf3+ $1 {[%mdl 576] Clearance} 33. Qxf3 {[#]} Rf8 $1 {[%mdl 512]} 34. Rc8 Qd3+ {[%mdl 64] Double Attack, Pin. Accuracy: White = 38%, Black = 69%.} 0-1

[Event "18th Delhi GM Open 2020"]
[Site "Delhi"]
[Date "2020.01.15"]
[Round "9.17"]
[White "Aaryan Varshney"]
[Black "Rios, Cristhian Camilo"]
[Result "0-1"]
[WhiteElo "2287"]
[BlackElo "2498"]
[Annotator "TA"]
[PlyCount "60"]
[EventDate "2020.01.09"]
[EventType "swiss"]
[EventCountry "IND"]
[SourceTitle "playchess.com"]
[Source "ChessBase"]
[SourceQuality "1"]

{[%evp 25,102,22,33,0,0,0,0,0,0,-4,7,0,23,0,0,0,0,-50,46,-145,-151,-141,-95,-99,-29,-154,-99,-120,-107,-102,-93,-322,-329,-350,-350,-293,-261,-260,-269,-253,-258,-278,-245,-298,-300,-362,-322,-308,-266,-291,-266,-356,-212,-405,-389,-375,-363,-409,-404,-445,-427,-427,-427,-420,-420,-571,0,-420,-385,-533,-507,-477,-419,-409,-378,-503,-496,-458,-221]} 1. d4 Nf6 2. c4 e6 3. Nf3 Bb4+ 4. Bd2 Qe7 5. g3 Nc6 6. Bg2 Bxd2+ 7. Nbxd2 d6 8. O-O a5 9. e4 e5 10. d5 Nb8 11. Ne1 O-O 12. Nd3 Na6 13. a3 c6 14. dxc6 {E11: Bogo-Indian} (14. b4 cxd5 15. cxd5 Bg4 16. Bf3 Bxf3 17. Qxf3 axb4 18. axb4 Nc7 19. Qe3 {½-½ (19) Mirzoev,A (2550)-Ovsejevitsch,S (2567) Lueneburg 2014}) 14... bxc6 15. b4 Bg4 16. f3 {The position is equal.} Be6 17. Qc2 axb4 18. axb4 Qa7+ 19. Kh1 $146 ({Predecessor:} 19. c5 dxc5 20. bxc5 Nd7 21. Rfc1 Rfb8 {0-1 (38) Hatchatrian,S (2260)-Kucherenko,D (2315) Kiev 2002}) 19... Qd4 {[#] ...Nxb4! is the strong threat.} 20. Rab1 h5 21. h3 d5 ({Black should play} 21... Nc7 $15) 22. exd5 $2 (22. f4 $1 $14 {keeps the upper hand.}) 22... cxd5 $17 23. cxd5 Bf5 ({But not} 23... Bxd5 $6 24. Nb3 $11) 24. Ne4 Nxd5 (24... Bxe4 $17 25. fxe4 Nxe4 26. Bxe4 Qxe4+ 27. Kh2 Rac8) 25. Rfc1 (25. Qb2 $1 $11) 25... Rfc8 ({Stronger than} 25... Naxb4 26. Nxb4 Nxb4 {[#]} 27. Nf6+ $1 {[%mdl 512]} gxf6 28. Qxf5 $11) ({Black should try} 25... Rac8 26. Qb2 Rxc1+ 27. Nxc1 Naxb4) 26. Qb3 Bxe4 27. fxe4 Nc3 $36 {[%mdl 2048] Black has strong initiative.} 28. Rf1 $2 (28. Rb2 $17 {only move.}) 28... Rc7 $19 29. b5 Nxb1 ({Weaker is} 29... Qxd3 30. bxa6 Qxa6 31. Rb2 $17) 30. Rxb1 Nc5 {Played: Rc7-c3} 0-1

[Event "18th Delhi GM Open 2020"]
[Site "Delhi"]
[Date "2020.01.15"]
[Round "9.18"]
[White "Karthik Venkataraman"]
[Black "Manik, Mikulas"]
[Result "1-0"]
[WhiteElo "2479"]
[BlackElo "2378"]
[Annotator "TA"]
[PlyCount "63"]
[EventDate "2020.01.09"]
[EventType "swiss"]
[EventCountry "IND"]
[SourceTitle "playchess.com"]
[Source "ChessBase"]
[SourceQuality "1"]

{[%evp 17,63,39,47,17,27,37,46,45,82,27,43,27,25,20,62,13,29,0,53,12,121,160,204,211,210,206,203,152,208,201,453,453,435,284,285,293,287,276,246,218,193,203,433,425,960,939,1015,1010]} 1. e4 c5 2. Nf3 Nc6 3. d4 cxd4 4. Nxd4 Nf6 5. Nc3 d6 6. Bg5 e6 7. Qd2 a6 8. O-O-O Bd7 9. f3 Be7 10. Be3 {B67: Sicilian: Richter-Rauzer: 7...a6 8 0-0-0 Bd7, lines without 9 f4 Be7} Nxd4 (10... h5 11. Kb1 Qc7 12. Nxc6 Bxc6 13. Bg5 Rd8 14. Ne2 h4 15. Qe1 d5 16. e5 Ng8 17. Bf4 Bb5 {0-1 (58) Dominguez Perez,L (2763)-Yu,Y (2752) Saint Louis 2019}) 11. Bxd4 b5 {[%cal Bb7b5,Bb5b4][%mdl 32]} 12. g4 {White is slightly better.} Qa5 13. Kb1 ({White should try} 13. a3 $16) 13... b4 $11 {Strongly threatening ...e5.} 14. Ne2 {[%cal Bc3e2,Be2c1,Bc1b3][%mdl 32]} e5 15. Be3 Be6 16. Nc1 (16. b3 {seems wilder.} O-O 17. g5 Nd7 18. h4 Rac8 19. f4) 16... h6 17. Nb3 $36 {[%mdl 2048] [#] White has some pressure.} Qa4 $146 (17... Qc7 $11) ({Predecessor:} 17... Qc7) 18. Rg1 d5 (18... a5 $11 {remains equal.}) 19. Bc5 $16 (19. exd5 $6 Nxd5 20. Qe1 Qc6 $11) 19... Rc8 {[#]} 20. Bxe7 $1 Kxe7 {[#]} 21. g5 $1 {[%cal Rg5f6]} ({Much less strong is} 21. exd5 $6 Nxd5 22. g5 h5 $16) 21... hxg5 22. exd5 ({Resist} 22. Rxg5 $6 Rhd8 $16) 22... Nxd5 (22... Bf5 $16 23. Bd3 Bxd3 24. cxd3 (24. Qxd3 Kf8 $16) 24... g4) 23. Qxg5+ $18 f6 $2 (23... Nf6 {was called for.} 24. Qxe5 Kf8) 24. Qxg7+ Bf7 {Hoping for ...Rhg8.} 25. Rxd5 Rhg8 26. Rxe5+ $1 fxe5 27. Qxe5+ Be6 28. Rg7+ Rxg7 29. Qxg7+ Bf7 $2 (29... Kd6 30. Qf6 Kd7) 30. Qe5+ {White is clearly winning.} Kd8 (30... Be6 $142 31. Bh3 Qd7) 31. Qf6+ {[%mdl 64] Double Attack} Ke8 32. Qh8+ {Accuracy: White = 65%, Black = 31%.} 1-0

[Event "18th Delhi GM Open 2020"]
[Site "Delhi"]
[Date "2020.01.15"]
[Round "9.19"]
[White "Raahul V S"]
[Black "Vishnu Prasanna. V"]
[Result "0-1"]
[WhiteElo "2233"]
[BlackElo "2474"]
[Annotator "TA"]
[PlyCount "64"]
[EventDate "2020.01.09"]
[EventType "swiss"]
[EventCountry "IND"]
[SourceTitle "playchess.com"]
[Source "ChessBase"]
[SourceQuality "1"]

{[%evp 9,64,18,20,16,18,12,14,9,30,-1,6,6,4,-8,-10,-16,-16,-41,-37,-46,-52,-40,-29,-46,-45,-53,-47,-64,-43,-83,-85,-72,-76,-78,-74,-76,-86,-152,-149,-197,-199,-199,-175,-175,-174,-189,-181,-212,-228,-266,-245,-277,-267,-356,-341,-337,-349]} 1. c4 e5 2. Nc3 Bb4 3. Nd5 Bc5 4. Nf3 c6 5. Nc3 d6 6. e3 {A21: English Opening: 1...e5 2 Nc3} (6. d4 exd4 7. Nxd4 Nf6 8. a3 d5 9. cxd5 Nxd5 10. Nb3 Bb6 11. Nxd5 cxd5 12. g3 Nc6 {1-0 (41) So,W (2765)-Saric,I (2690) chess.com INT 2019}) 6... Bb4 7. Qc2 Nf6 8. d4 {The position is equal.} Qe7 9. Be2 O-O 10. O-O Bg4 $146 ({Predecessor:} 10... Re8 11. a3 Ba5 12. b4 Bc7 13. dxe5 dxe5 {1-0 (57) Tari,A (2584)-Christiansen,J (2429) Doha 2016}) 11. dxe5 dxe5 12. Bd2 Bd6 13. Nh4 e4 14. c5 Be5 15. Bxg4 Nxg4 16. g3 f5 17. f4 Bxc3 18. Qxc3 Na6 19. Qc4+ {[#]} Qf7 $1 {[%cal Rf7c4]} 20. Qxf7+ Rxf7 21. h3 {[#]} Nh6 $1 $36 {[%mdl 2048] Black has strong initiative.} 22. Rac1 Rd8 23. Rc2 {[#]} ({White should play} 23. Ba5 Rd3 24. Ng2) 23... Nxc5 $1 $17 {[%mdl 576] Deflection} 24. Rxc5 {Black must now prevent Bc3.} Rxd2 25. Rf2 Rd3 26. Re2 g6 27. Kf2 Rfd7 28. b4 R7d5 29. a4 Kf7 30. Rec2 Ke6 31. b5 Rxc5 32. Rxc5 Rd5 {Accuracy: White = 31%, Black = 85%.} 0-1

[Event "18th Delhi GM Open 2020"]
[Site "Delhi"]
[Date "2020.01.15"]
[Round "9.20"]
[White "Nguyen, Van Huy"]
[Black "Lokesh, N.."]
[Result "1-0"]
[WhiteElo "2463"]
[BlackElo "2264"]
[Annotator "TA"]
[PlyCount "117"]
[EventDate "2020.01.09"]
[EventType "swiss"]
[EventCountry "IND"]
[SourceTitle "playchess.com"]
[Source "ChessBase"]
[SourceQuality "1"]

{[%evp 12,117,18,23,23,19,25,23,32,27,28,13,35,53,25,47,39,36,54,41,51,50,82,48,65,52,58,79,72,82,253,58,81,30,56,52,55,46,91,76,515,502,709,108,122,0,98,99,82,13,41,0,0,0,0,-8,2,2,2,2,2,2,175,181,206,98,221,224,250,250,258,258,258,258,258,258,250,250,218,218,218,218,372,290,368,363,1468,1112,723,659,29966,29968,29946,1654,29965,29966,29965,29966,29972,29973,29978,29979,29978,29979,29940,11703,29988,29989]} 1. d4 Nf6 2. c4 e6 3. Nf3 $146 ({Predecessor:} 3. g3 d5 4. Bg2 Be7 {0-1 (58) Yu,Y (2760)-Cheparinov,I (2702) China 2018}) 3... d5 4. g3 Be7 5. Bg2 O-O 6. O-O dxc4 7. Qc2 b6 {E05: Open Catalan: 5 Nf3 Be7} 8. Bg5 Nd5 9. Bxe7 Qxe7 {White has an edge.} 10. Nbd2 b5 11. b3 c3 12. Ne4 b4 13. a3 f5 14. Nc5 Nc6 15. axb4 Ncxb4 16. Qc1 a5 17. Re1 Bd7 18. Ne5 Bb5 19. e4 fxe4 20. Bxe4 Qf6 $2 (20... c6 $16) 21. f3 $2 (21. Ng4 $1 $18 {[%cal Rg4f6]} Qxd4 22. Nxe6 {[%mdl 64] Double Attack}) 21... Ra7 22. Kg2 (22. f4 $16) 22... Rd8 23. h4 c6 24. Kh3 h6 25. Ng4 Qxd4 $2 {[%mdl 8192]} (25... Qf7 $16 {is tougher.}) 26. Nxe6 $18 {[%mdl 64] Double Attack} Qb6 {[#] intending ...Rdd7.} 27. Nxd8 $2 (27. Nxh6+ $1 $18 {[%mdl 512] is the precise move to win.} gxh6 28. Qxh6) 27... Qxd8 $16 28. Ne3 (28. Ne5 $16) 28... Nd3 (28... Re7 $11 {keeps the balance.}) 29. Bxd3 $1 Bxd3 30. Kg2 ({White should play} 30. Nxd5 $16 Qxd5 31. Qxc3 Qxf3 32. Qd2) 30... Rf7 $11 {Black wants to play ...Qf6.} 31. Nxd5 Qxd5 32. Qe3 {aiming for Red1.} c2 33. Ra4 $132 {[%mdl 2048] White puts up resistance} Qxb3 34. Rd4 $1 {[%cal Rd4d3]} (34. Rxa5 $2 Bf1+ $1 {[%mdl 512]} 35. Kf2 Qxe3+ 36. Kxe3 Re7+ 37. Kd2 Rxe1 $19) 34... Bf1+ $1 35. Kf2 Qxe3+ 36. Kxe3 {[%mdl 4096] Endgame KRR-KRB} Rb7 $2 {[#]} (36... Re7+ $11 {and Black stays safe.} 37. Re4 Rd7) 37. Kd2 $1 $18 {[%mdl 1024] White has strong compensation.} (37. Rxf1 Rb1 $11) 37... Rb1 {...Rxe1 is the strong threat.} 38. Rc1 (38. Re8+ $18 Kf7 39. Kxc2) 38... Bg2 {[#]} (38... Be2 $16) 39. Rd3 $1 ({Don't do} 39. Rxc2 $6 Bxf3 40. Rc3 Bd5 $16) ({Much less strong is} 39. Kxc2 $6 Rxc1+ 40. Kxc1 Bxf3) 39... Bf1 40. Rd8+ Kf7 41. Kxc2 ({Don't play} 41. Rxc2 Bb5 $16) 41... Rxc1+ 42. Kxc1 {KR-KB} Be2 43. Rd2 Bb5 44. Rd7+ Kf6 45. Kd2 a4 46. Ke3 h5 $2 (46... Bc4 47. Rd6+ Be6 48. Rxc6 a3) 47. Ra7 g6 48. g4 hxg4 $2 (48... Ke5 49. Rg7 Kf6) 49. fxg4 c5 50. Rc7 Bc4 51. Rxc5 Bb3 52. Ra5 Ke6 53. Ra6+ Kf7 54. Kf4 Bc2 55. Ke5 Kg7 56. g5 Kf7 57. Ra7+ Kf8 58. Kf6 (58. Ke6 $142 Bd3 59. Rxa4 Bc2 60. Ra7 Bb1 61. Kf6 Ke8 62. Rg7 Kd8 63. Rxg6) 58... Kg8 {[#]} 59. h5 $1 {Accuracy: White = 58%, Black = 21%.} 1-0